Datum a čas kvízu
38
Celkem bodů
Celkový počet nahraných bodů na tomto kvízu bez doplňovacích otázek.
2.
Pořadí na kvízu
Konečné umístění týmu na tomto kvízu.
Zaznamenané odpovědi
| # | Otázka | Odpověď | Body | Výsledky |
|---|---|---|---|---|
| 1. | Na půdě Poslanecké sněmovny se... | obrázek Milady Horákové | 1 | |
| 2. | Ruské úřady zrušily po dvou le... | Telegram | 1 | |
| 3. | Minulý týden se na internetu o... | Milan Kundera | 1 | |
| 4. | Řetězec Kaufland spouští onlin... | Košík.cz | 1 | |
| 5. | Aktuální sezóna fotbalové Ligy... | v Lisabonu | 1 | |
| 6. | Napište dvě řecké předpony pou... | mega, mikro | 1 | |
| 7. | První záchytný bod v původní č... | 320 000 Kč | 1 | |
| 8. | Uveďte právní formu Milionu ch... | B | 1 | |
| 9. | V žebříčku deseti měst USA s v... | Kalifornie a Texas | 1 | |
| 10. | Slunce je od Země vzdáleno zhr... | 8 minut | 1 |